000 00712nam a2200241Ia 4500
003 OSt
005 20221005035132.0
006 a|||||r|||| 00| 0
007 ta
008 221004b |||||||| |||| 00| 0 ben d
020 _a8187360941 (hbk)
_c200
024 _a446
037 _bM/2008/10, 05/02/2008, Mukta Dhara
_cTextual
040 _aCRL
_cCRL
_bben
041 _2ben
_aben
082 _aY72:1.275, 157P6
100 _aMajumdar Dibyajyoti
245 0 _aPaschimbamger aaadibasi lokekatha
260 _aDelhi
_bIndia
_c2006
650 _aSOCIOLOGY
942 _hY72:1.275, 157P6
_cTEXL
_2cc
999 _c944653
_d944653